| 000 | 01158nam a2200301 4500 | ||
|---|---|---|---|
| 003 | EC-UNACH | ||
| 005 | 20251125125436.0 | ||
| 006 | s||||gr|||| 00| 00 | ||
| 008 | 150116t9999 mx r gr 000 0 spa d | ||
| 020 | _a9275324212 | ||
| 040 |
_aEC-UNACH _cEC-UNACH |
||
| 041 | _aspa | ||
| 082 | 0 | 4 |
_223 _a615.851.3 _bL018391 |
| 110 | _aOrganización Panamericana de la Salud | ||
| 245 | _aProtección de la salud mental en situaciones de desastres y emergencias | ||
| 250 | _aPrimera edición | ||
| 264 |
_aEstados Unidos _bOrganización Panamericana de la Salud _c2002 |
||
| 300 | _a96 | ||
| 505 | _aCapitulo 1- Antecedentes y consideraciones generales - - Capitulo 2- Lecciones aprendidas - - Capitulo 3- Manifestaciones psicosociales y pautas generales de actuación - - Capitulo 4- Hacia un plan de salud mental en situaciones de desastres. | ||
| 650 | _aVULNERABILIDAD PSICOSOCIAL | ||
| 650 | _aTRASTORNOS PSIQUICOS | ||
| 650 | _aCOMUNICACIÓN SOCIAL | ||
| 700 | _aOrganización Panamericana de la Salud | ||
| 942 |
_2ddc _c1 |
||
| 999 | _c14218 | ||